Eastern Utah Libraries Catalog: Duchesne, Heber, Roosevelt, & Vernal

Rising strong / (Record no. 199742)

MARC details
000 -LEADER
fixed length control field 01555cam a22003978i 4500
001 - CONTROL NUMBER
control field ocn909776909
003 - CONTROL NUMBER IDENTIFIER
control field OCoLC
005 - DATE AND TIME OF LATEST TRANSACTION
control field 20241220163552.0
008 - FIXED-LENGTH DATA ELEMENTS--GENERAL INFORMATION
fixed length control field 150518t20152015nyu b 001 0 eng
010 ## - LIBRARY OF CONGRESS CONTROL NUMBER
LC control number 2015010832
020 ## - INTERNATIONAL STANDARD BOOK NUMBER
International Standard Book Number 9780812995824
020 ## - INTERNATIONAL STANDARD BOOK NUMBER
International Standard Book Number 0812995821
035 ## - SYSTEM CONTROL NUMBER
System control number (OCoLC)909776909
040 ## - CATALOGING SOURCE
Original cataloging agency DLC
Language of cataloging eng
Transcribing agency DLC
Modifying agency OCLCO
-- JNE
-- TI2
-- UOK
042 ## - AUTHENTICATION CODE
Authentication code pcc
049 ## - LOCAL HOLDINGS (OCLC)
Holding library UOKA
050 00 - LIBRARY OF CONGRESS CALL NUMBER
Classification number BF637.S4
Item number B8118 2015
082 00 - DEWEY DECIMAL CLASSIFICATION NUMBER
Classification number 158
Edition number 23
092 ## - LOCALLY ASSIGNED DEWEY CALL NUMBER (OCLC)
Classification number 158 B8123R 2015
999 ## - SYSTEM CONTROL NUMBERS (KOHA)
Koha Dewey Subclass [OBSOLETE] 03123853
100 1# - MAIN ENTRY--PERSONAL NAME
Personal name Brown, Bren�e.
9 (RLIN) 5687505
245 10 - TITLE STATEMENT
Title Rising strong /
Statement of responsibility, etc Bren�e Brown.
250 ## - EDITION STATEMENT
Edition statement First Edition
264 #1 - Publisher, distributor, etc.
Place of production, publication, distribution, manufacture New York :
Name of producer, publisher, distributor, manufacturer Spiegel & Grau,
Date of production, publication, distribution, manufacture, or copyright notice 2015
300 ## - PHYSICAL DESCRIPTION
Extent xxviii, 301 pages ;
Dimensions 22 cm.
336 ## - CONTENT TYPE
Content type term text
337 ## - MEDIA TYPE
Media type term unmediated
338 ## - CARRIER TYPE
Carrier type term volume
504 ## - BIBLIOGRAPHY, ETC. NOTE
Bibliography, etc Includes bibliographical references (pages [281]-289) and index.
520 ## - SUMMARY, ETC.
Summary, etc "The physics of vulnerability is simple: If we are brave enough often enough, we will fall. [This book] tells us what it takes to get back up, and how owning our stories of disappointment, failure, and heartbreak gives us the power to write a daring new ending. Struggle, Brene Brown writes, can be our greatest call to courage, and rising strong our clearest path to a wholehearted life"--
650 #0 - SUBJECT ADDED ENTRY--TOPICAL TERM
Topical term or geographic name as entry element Self-actualization (Psychology)
9 (RLIN) 91224
650 #0 - SUBJECT ADDED ENTRY--TOPICAL TERM
Topical term or geographic name as entry element Courage.
9 (RLIN) 82255
856 42 - ELECTRONIC LOCATION AND ACCESS
Materials specified Cover image
Uniform Resource Identifier <a href="9780812995824.jpg">9780812995824.jpg</a>
904 ## - LOCAL DATA ELEMENT D, LDD (RLIN)
a 3057467
b 03057467
c 201503057467
942 ## - ADDED ENTRY ELEMENTS (KOHA)
Source of classification or shelving scheme Dewey Decimal Classification
Item type BOOK
Holdings
Withdrawn status Lost status Source of classification or shelving scheme Damaged status Not for loan Collection code Home library Current library Shelving location Date acquired Cost, normal purchase price Total Checkouts Total Renewals Full call number Barcode Date last seen Date last borrowed Cost, replacement price Price effective from Koha item type
    Dewey Decimal Classification     General NonFiction Wasatch County Library Wasatch County Library Second Floor 12/29/2015 27.00 48 16 158 Bro 34301001456518 02/19/2026 09/17/2025 27.00 03/20/2020 BOOK
This project was made possible through a grant from the Institute of Museum and Library Service administered by the Utah State Library Division.

Wasatch County Library

  • 465 East 1200 South, Heber City, Utah 84032
  • Phone 435-654-1511 | Fax 435-654-6456

Hours

  • Monday - Friday 9:30 AM - 8:00 PM
  • Saturday 9:30 AM - 1:30 PM
  • Closed Sundays and Holidays